[Event "FRA-ch op-C"]
[Site "Nimes"]
[Date "2009.08.16"]
[Round "6"]
[White "Lagache, Yves"]
[Black "Romero, Vladimir"]
[Result "0-1"]
[WhiteElo "1734"]
[BlackElo "1730"]
[PlyCount "74"]
[EventDate "2009.08.11"]
[EventType "swiss"]
[EventRounds "11"]
[EventCountry "FRA"]
[SourceTitle "EXT 2011"]
[Source "ChessBase"]
[SourceDate "2010.11.26"]
[SourceVersion "1"]
[SourceVersionDate "2010.11.26"]
[SourceQuality "1"]

1. d4 Nf6 2. Bg5 Ne4 3. Bf4 c5 4. f3 Qa5+ 5. c3 Nf6 6. Nd2 cxd4 7. Nb3 Qd8 8. Bxb8 Rxb8 9. Qxd4 a6 10. e4 d6 11. e5 dxe5 12. Qxe5 Nd7 13. Qf4 e5 14. Qd2 Be7 15. Nh3 0-0 16. Bd3 Qc7 17. Qc2 h6 18. 0-0-0 Nc5 19. Nxc5 Bxc5 20. Nf2 Be6 21. g4 Bxa2 22. b4 Bxf2 23. Kb2 Bc4 24. Qxf2 Rfd8 25. Be2 Rbc8 26. Qe3 Bxe2 27. Rxd8+ Rxd8 28. Qxe2 Qd6 29. Kc2 Qd5 30. c4 Qd4 31. Rd1 Qxd1+ 32. Qxd1 Rxd1 33. Kxd1 Kf8 34. Ke2 Ke8 35. Ke3 Ke7 36. Ke4 Ke6 37. h4 g6 0-1

[Event "Livry Gargan op rap"]
[Site "Livry Gargan"]
[Date "2009.05.10"]
[Round "4"]
[White "Romero, Vladimir"]
[Black "Vachier Lagrave, Maxime"]
[Result "0-1"]
[WhiteElo "1725"]
[BlackElo "2684"]
[PlyCount "86"]
[EventDate "2009.05.10"]
[EventType "swiss"]
[EventRounds "9"]
[EventCountry "FRA"]
[SourceTitle "CBM 130 Extra"]
[Source "ChessBase"]
[SourceDate "2009.07.02"]
[SourceVersion "2"]
[SourceVersionDate "2009.07.15"]
[SourceQuality "1"]

1. e4 c5 2. Nf3 e6 3. d4 cxd4 4. Nxd4 a6 5. Bd3 Bc5 6. Nb3 Be7 7. Nc3 d6 8. 0-0 Nf6 9. Be3 Nbd7 10. f4 b5 11. a4 b4 12. Ne2 Bb7 13. Ng3 h5 14. Nd2 h4 15. Ne2 Ng4 16. Bd4 e5 17. Bf2 d5 18. exd5 Nxf2 19. Rxf2 Bc5 20. Qe1 Bxd5 21. Be4 Nf6 22. Bxd5 Qxd5 23. Nb3 Bxf2+ 24. Qxf2 h3 25. fxe5 Qxe5 26. Re1 0-0 27. Ng3 Qd5 28. Nf5 Qxg2+ 29. Qxg2 hxg2 30. Kxg2 Rfe8 31. Rxe8+ Rxe8 32. Kf3 Nd7 33. a5 Ne5+ 34. Kf4 Nc4 35. Nc5 Nxa5 36. Nxa6 Nc6 37. Ne3 g5+ 38. Kf3 Kg7 39. Nd5 Nd4+ 40. Kf2 Re2+ 41. Kf1 Rxc2 42. Naxb4 Rxb2 43. Nd3 Rxh2 0-1